Statistics for Fastest Players In PL History

Click here to take the quiz!

General Stats

  • This quiz has been taken 9 times
  • The average score is 3 of 10

Answer Stats

KM/HPlayer% Correct
36.64Mohamad Salah
88%
36.64Adama Traore
50%
36.47Adama Traore
50%
36.53Darwin Nunez
25%
36.63Mykhailo Mudryk
25%
36.43Pierre-Emerick Aubameyang
25%
36.66Pierre-Emerrick Aubameyang
25%
36.61Anthony Gordon
0%
36.72Antonio Rüdiger
0%
36.53Shane Long
0%

Score Distribution

Percentile by Number Answered

Percent of People with Each Score

Your Score History

You have not taken this quiz